Elements of Plant Ecology (Record no. 227501)
[ view plain ]
| 000 -LEADER | |
|---|---|
| fixed length control field | 00437nam a22001697a 4500 |
| 005 - DATE AND TIME OF LATEST TRANSACTION | |
| control field | 20230613093551.0 |
| 008 - FIXED-LENGTH DATA ELEMENTS--GENERAL INFORMATION | |
| fixed length control field | 230613b ||||| |||| 00| 0 eng d |
| 040 ## - CATALOGING SOURCE | |
| Transcribing agency | AL |
| 041 ## - LANGUAGE CODE | |
| Language code of text/sound track or separate title | English |
| 082 ## - DEWEY DECIMAL CLASSIFICATION NUMBER | |
| Edition number | 23 |
| Classification number | 580/130 |
| Item number | PERE |
| 100 ## - MAIN ENTRY--PERSONAL NAME | |
| Personal name | K Periasamy |
| 100 ## - MAIN ENTRY--PERSONAL NAME | |
| 9 (RLIN) | 123694 |
| 245 ## - TITLE STATEMENT | |
| Title | Elements of Plant Ecology |
| 260 ## - PUBLICATION, DISTRIBUTION, ETC. | |
| Place of publication, distribution, etc. | Delhi |
| Name of publisher, distributor, etc. | Emkay Publications |
| 650 ## - SUBJECT ADDED ENTRY--TOPICAL TERM | |
| Topical term or geographic name entry element | Plant Ecology |
| 9 (RLIN) | 123695 |
| 700 ## - ADDED ENTRY--PERSONAL NAME | |
| Personal name | PERIASAMY (K) |
| 9 (RLIN) | 123696 |
| 942 ## - ADDED ENTRY ELEMENTS (KOHA) | |
| Source of classification or shelving scheme | Dewey Decimal Classification |
| Koha item type | Book Bank |
| Withdrawn status | Lost status | Source of classification or shelving scheme | Damaged status | Not for loan | Collection code | Home library | Current library | Shelving location | Date acquired | Total Checkouts | Full call number | Barcode | Date last seen | Price effective from | Koha item type |
|---|---|---|---|---|---|---|---|---|---|---|---|---|---|---|---|
| Dewey Decimal Classification | Botany | St Aloysius Library | St Aloysius Library | UGC Book Bank | 06/13/2023 | 580/130 PERE | BB01590 | 06/13/2023 | 06/13/2023 | Book Bank | |||||
| Dewey Decimal Classification | Botany | St Aloysius Library | St Aloysius Library | UGC Book Bank | 06/13/2023 | 580/131 PERE | BB01591 | 06/13/2023 | 06/13/2023 | Book Bank | |||||
| Dewey Decimal Classification | Botany | St Aloysius Library | St Aloysius Library | UGC Book Bank | 06/13/2023 | 580/132 PERE | BB01592 | 06/13/2023 | 06/13/2023 | Book Bank | |||||
| Dewey Decimal Classification | Botany | St Aloysius Library | St Aloysius Library | UGC Book Bank | 06/13/2023 | 580/134 PERE | BB01594 | 06/13/2023 | 06/13/2023 | Book Bank | |||||
| Dewey Decimal Classification | Botany | St Aloysius Library | St Aloysius Library | UGC Book Bank | 06/13/2023 | 580/135 PERE | BB01595 | 06/13/2023 | 06/13/2023 | Book Bank | |||||
| Dewey Decimal Classification | Botany | St Aloysius Library | St Aloysius Library | UGC Book Bank | 06/13/2023 | 580/136 PERE | BB01596 | 06/13/2023 | 06/13/2023 | Book Bank | |||||
| Dewey Decimal Classification | Botany | St Aloysius Library | St Aloysius Library | UGC Book Bank | 06/13/2023 | 580/138 PERE | BB01598 | 06/13/2023 | 06/13/2023 | Book Bank |